Books of the New Testament - Statistics

General Stats
  • This quiz has been taken 5,988 times
    5,974 since last reset
  • The average score is 20 of 27
Answer Stats
Answer % Correct
John
99%
Luke
98%
Mark
98%
Matthew
98%
Acts
90%
Romans
89%
Revelation
87%
1 Corinthians
81%
2 Corinthians
81%
2 John
79%
1 John
78%
3 John
75%
1 Peter
72%
2 Peter
72%
Ephesians
72%
Galatians
71%
Jude
70%
1 Timothy
68%
2 Timothy
68%
Hebrews
66%
James
65%
1 Thessalonians
63%
2 Thessalonians
62%
Philippians
62%
Titus
62%
Colossians
61%
Philemon
57%
No matching quizzes found
Score Distribution
Percent of People with Each Score
Percentile by Number Answered
Your Score History
You have not taken this quiz since the last reset